000 01069nam a22002777a 4500
999 _c65449
_d65449
005 20240530110825.0
008 190805s2019 ua ak g b 000 0 ara d
017 _a2017/20092
_bمصر. دار الكتب
020 _a9789773507794
040 _aEG-CaGPL
_cEG-CaGPL
082 0 4 _221
_a371.926/
_bم ب
100 0 _aمسعد ابو الديار
245 1 2 _aالبرامج التربوية والعلاجية لتعليم ذوى صعوبات التعلم /
_cمسعد ابو الديار
250 _aط.1
260 _aالقاهرة :
_bدار الكتاب الحديث،
_c2019.
300 _a239 ص. :
_bايض ؛
_c24 سم.
504 _aيشتمل على ارجاعات ببليوجرافية
650 0 7 _2qrmak
_aالمعوقون
_xتعليم
650 0 7 _2qrmak
_aالتعليم
_xمناهج
650 0 7 _2qrmak
_aالتعليم
_xاغراضة واهدافة
650 0 7 _2qrmak
_aالوسائل التعليمية
651 _2qrmak
653 0 _aصعوبات التعلم
942 _2ddc
_cBK